000 00393nam a2200181Ia 4500
005 20240823012421.0
008 240823s9999||||xx |||||||||||||| ||und||
041 _aENGLISH
082 _A306.85
100 _a"Freely,Maureen"
245 0 _aWhat About us?
250 _a1st
260 _b"Bloomsbury,L"
500 _aYES
650 _aGeneral
_bGeneral
942 _cBK
999 _c164348
_d164348